<?xml version='1.0' encoding='UTF-8'?>
  <record xmlns="http://www.loc.gov/MARC21/slim">
    <leader>00000cam a2200000 i 4500</leader>
    <controlfield tag="001">ocn781870767</controlfield>
    <controlfield tag="003">OCoLC</controlfield>
    <controlfield tag="005">20260127001643.5</controlfield>
    <controlfield tag="008">870729s1854    ne            000 0 dut d</controlfield>
    <datafield tag="040" ind1=" " ind2=" ">
      <subfield code="a">NLGGC</subfield>
      <subfield code="b">dut</subfield>
      <subfield code="e">fobidrtb</subfield>
      <subfield code="c">NLGGC</subfield>
      <subfield code="d">OCLCO</subfield>
      <subfield code="d">OCLCQ</subfield>
    </datafield>
    <datafield tag="029" ind1="0" ind2=" ">
      <subfield code="a">NLGGC</subfield>
      <subfield code="b">040562115</subfield>
    </datafield>
    <datafield tag="035" ind1=" " ind2=" ">
      <subfield code="a">(OCoLC)781870767</subfield>
    </datafield>
    <datafield tag="041" ind1="0" ind2=" ">
      <subfield code="a">dut</subfield>
      <subfield code="a">fre</subfield>
    </datafield>
    <datafield tag="100" ind1="1" ind2=" ">
      <subfield code="a">Visscher, Anna Roemers</subfield>
      <subfield code="q">(Anna Roemersdr.),</subfield>
      <subfield code="d">1584-1651/2.</subfield>
      <subfield code="1">https://id.oclc.org/worldcat/entity/E39PBJvCR3TJD9MDWcDHCV3vpP</subfield>
    </datafield>
    <datafield tag="245" ind1="1" ind2="0">
      <subfield code="a">Honderd christelijke zinnebeelden naar Georgette de Montenay /</subfield>
      <subfield code="c">door Anna Roemers Visscher ; uitgeg. naar het oorspr. handschrift door A.D. Schinkel.</subfield>
    </datafield>
    <datafield tag="260" ind1=" " ind2=" ">
      <subfield code="a">['s-Gravenhage :</subfield>
      <subfield code="b">s.n.],</subfield>
      <subfield code="c">1854.</subfield>
    </datafield>
    <datafield tag="300" ind1=" " ind2=" ">
      <subfield code="a">xvi, 100 p. ;</subfield>
      <subfield code="c">19 cm.</subfield>
    </datafield>
    <datafield tag="336" ind1=" " ind2=" ">
      <subfield code="a">tekst</subfield>
      <subfield code="b">txt</subfield>
      <subfield code="2">rdacontent/dut</subfield>
    </datafield>
    <datafield tag="337" ind1=" " ind2=" ">
      <subfield code="a">zonder medium</subfield>
      <subfield code="b">n</subfield>
      <subfield code="2">rdamedia/dut</subfield>
    </datafield>
    <datafield tag="338" ind1=" " ind2=" ">
      <subfield code="a">band</subfield>
      <subfield code="b">nc</subfield>
      <subfield code="2">rdacarrier/dut</subfield>
    </datafield>
    <datafield tag="500" ind1=" " ind2=" ">
      <subfield code="a">Niet in den handel.</subfield>
    </datafield>
    <datafield tag="500" ind1=" " ind2=" ">
      <subfield code="a">Met een facsimile.</subfield>
    </datafield>
    <datafield tag="530" ind1=" " ind2=" ">
      <subfield code="a">Titel is geselecteerd voor digitalisering voor de Universiteit van Leiden in het kader van het Google Books-project.</subfield>
    </datafield>
    <datafield tag="600" ind1="1" ind2="4">
      <subfield code="a">Montenay, Georgette de.</subfield>
    </datafield>
    <datafield tag="700" ind1="1" ind2=" ">
      <subfield code="a">Schinkel, Adrianus David,</subfield>
      <subfield code="d">1784-1864.</subfield>
      <subfield code="1">https://id.oclc.org/worldcat/entity/E39PBJt3YY6VK4bWJhdXjbgBT3</subfield>
    </datafield>
    <datafield tag="776" ind1="0" ind2=" ">
      <subfield code="a">Visscher, Anna Roemers</subfield>
      <subfield code="t">Honderd christelijke zinnebeelden naar Georgette de Montenay</subfield>
      <subfield code="w">(NL-LeOCL)41133574X</subfield>
      <subfield code="w">(OCoLC)993435461</subfield>
    </datafield>
    <datafield tag="776" ind1="0" ind2=" ">
      <subfield code="a">Visscher, Anna Roemers</subfield>
      <subfield code="t">Honderd christelijke zinnebeelden naar Georgette de Montenay</subfield>
      <subfield code="w">(NL-LeOCL)411335758</subfield>
      <subfield code="w">(OCoLC)993435461</subfield>
    </datafield>
    <datafield tag="776" ind1="0" ind2=" ">
      <subfield code="a">Visscher, Anna Roemers</subfield>
      <subfield code="t">Honderd christelijke zinnebeelden naar Georgette de Montenay</subfield>
      <subfield code="w">(NL-LeOCL)411335766</subfield>
      <subfield code="w">(OCoLC)993435461</subfield>
    </datafield>
    <datafield tag="936" ind1=" " ind2=" ">
      <subfield code="a">BATCHLOAD</subfield>
    </datafield>
  </record>